000 00452nam a2200169 a 4500
005 20260322212004.0
008 data
010 _a58-7994
096 _aWZ 100 B946B 1958
100 1 _aBurrow, Nicholas
245 1 2 _aA search for man's sanity; the selected letters of Trigant Burrow
_cNicholas Burrow.
260 _aNew York
_bOxford University Press
_cc1958
300 _a615 p.
650 4 _aBurrow, Trigant.
650 0 2 _aPsychiatry
_xhistory
001 data
999 _c41
_d41